Economie du droit pénal, politique de la drogue et statut du toxicomane

Gespeichert in:  
Bibliographische Detailangaben
1. VerfasserIn: Queloz, Nicolas 1954- (Verfasst von)
Medienart: Druck Aufsatz
Sprache:Französisch
Veröffentlicht: 1996
In: ZStrR
Jahr: 1996, Band: 114, Heft: 1, Seiten: 76 - 86
Verfügbarkeit prüfen: HBZ Gateway
Schlagwörter:

MARC

LEADER 00000caa a2200000 c 4500
001 1629858625
003 DE-627
005 20220607115816.0
007 tu
008 150410s1996 xx ||||| 00| ||fre c
035 |a (DE-627)1629858625 
035 |a (DE-576)42873216X 
035 |a (DE-599)BSZ42873216X 
040 |a DE-627  |b ger  |c DE-627  |e rakwb 
041 |a fre 
100 1 |a Queloz, Nicolas  |d 1954-  |0 (DE-588)1080963537  |0 (DE-627)845451782  |0 (DE-576)164423524  |4 aut 
109 |a Queloz, Nicolas 1954- 
245 1 0 |a Economie du droit pénal, politique de la drogue et statut du toxicomane  |c Nicolas Queloz 
264 1 |c 1996 
336 |a Text  |b txt  |2 rdacontent 
337 |a ohne Hilfsmittel zu benutzen  |b n  |2 rdamedia 
338 |a Band  |b nc  |2 rdacarrier 
773 0 8 |i In  |t ZStrR  |d Bern : Stämpfli, 1981  |g 114(1996), 1, Seite 76 - 86  |w (DE-627)129458589  |w (DE-600)200237-1  |w (DE-576)014822008  |x 0036-7893  |7 nnas 
773 1 8 |g volume:114  |g year:1996  |g number:1  |g pages:76 - 86 
935 |a mkri 
951 |a AR 
ELC |b 1 
LOK |0 000 xxxxxcx a22 zn 4500 
LOK |0 001 3278402758 
LOK |0 003 DE-627 
LOK |0 004 1629858625 
LOK |0 005 20160223100350 
LOK |0 008 160208||||||||||||||||ger||||||| 
LOK |0 040   |a DE-21-110  |c DE-627  |d DE-21-110 
LOK |0 689   |a s  |a Schweiz 
LOK |0 689   |a s  |a Drogenpolitik 
LOK |0 852   |z Kein Bestand am IfK; Nachweis für KrimDok 
LOK |0 852   |a DE-21-110 
LOK |0 852 1  |m v  |9 00 
LOK |0 935   |a k110 
LOK |0 938   |k v 
LOK |0 939   |a 08-02-16  |b l01 
ORI |a SA-MARC-krimdoka001.raw